00000000nam 2200000zi 4500
0019.902532
003CaOODSP
00520250218135235
006m     o  d f      
007cr |n|||||||||
008210813e20210629oncad   ob   f000 0 eng d
020 |a9780660400372
040 |aCaOODSP|beng|erda|cCaOODSP
043 |an-cn---
0861 |aH22-4/26-2021E-PDF
1001 |aFalk, Will, |eauthor.
24514|aThe state of virtual care in Canada as of wave three of the COVID-19 pandemic : |ban early diagnostique and policy recommendations / |cWill Falk.
264 1|aOttawa, ON : |bHealth Canada = Santé Canada, |cJune 29, 2021.
264 4|c©2021
300 |a1 online resource (87 pages, 1 unnumbered page) : |billustrations, graphs
336 |atext|btxt|2rdacontent
337 |acomputer|bc|2rdamedia
338 |aonline resource|bcr|2rdacarrier
500 |aIssued also in French under title: L'état des soins virtuels au Canada à la troisième vague de la pandémie de COVID-19 : diagnostic précoce et recommandations en matière de politique.
504 |aIncludes bibliographical references (pages 82-84).
650 0|aVirtual reality in medicine|zCanada.
650 0|aMedical care|xTechnological innovations|zCanada.
650 0|aCOVID-19 Pandemic, 2020-2023|xHealth aspects|zCanada.
7101 |aCanada. |bHealth Canada, |eissuing body.
77508|tL'état des soins virtuels au Canada à la troisième vague de la pandémie de COVID-19 : |w(CaOODSP)9.902533
85640|qPDF|s3.23 MB|uhttps://publications.gc.ca/collections/collection_2021/sc-hc/H22-4-26-2021-eng.pdf
986 |aPub.: 210251